[Event "AUTO-INT-322"]
[Site "http://www.queenalice.com/game.php?id=158539"]
[Date "2007.1.24"]
[Round "1"]
[White "uire"]
[Black "MarceloLopes"]
[Result "1-0"]
[WhiteElo "1766"]
[BlackElo "1698"]

1. Nf3 d5 2. d4 Nc6 3. Bf4 e6 4. e3 h6 5. Bb5 Bd7 6. O-O Ne5 7. Bxd7+ Nxd7 8.
Nc3 a6 9. e4 Ngf6 10. Qe2 g5 11. Bg3 Nh5 12. exd5 Nxg3 13. fxg3 Qe7 14. Rfe1
O-O-O 15. Ne5 Nxe5 16. Qxe5 f6 17. Qxe6+ Qxe6 18. dxe6 Re8 19. Nd5 c6 20. Nxf6
Rd8 21. e7 Bxe7 22. Rxe7 Rxd4 23. c3 Rd2 24. b4 Rf8 25. Ne4 Re2 26. Nd6+ Kb8 27.
Rxe2 Kc7 28. Nc4 b5 29. Na5 Rd8 30. Rf1 Kb6 31. Re6 Rc8 32. Rxh6 Rg8 33. Rf7 Re8
34. Rxc6# 1-0

[Event "AUTO-INT-322"]
[Site "http://www.queenalice.com/game.php?id=158540"]
[Date "2007.1.24"]
[Round "1"]
[White "MarceloLopes"]
[Black "uire"]
[Result "1-0"]
[WhiteElo "1692"]
[BlackElo "1799"]

1. e4 e5 2. c4 Nf6 3. d3 b6 4. Nf3 Bd6 5. h3 Nc6 6. Nc3 Bb4 7. Bd2 Ba6 8. Nd5
Nxd5 9. exd5 Bxd2+ 10. Qxd2 Ne7 11. Nxe5 O-O 12. O-O-O Nf5 13. Qf4 g6 14. Re1
Re8 15. Nf3 Rxe1+ 16. Nxe1 b5 17. g4 g5 18. Qxf5 bxc4 19. dxc4 Qe7 20. Bd3 f6
21. b3 d6 22. Qe6+ Qxe6 23. dxe6 Re8 24. c5 Bb7 25. Rg1 dxc5 26. Bc4 Bc8 27. Nd3
Kf8 28. Re1 Bb7 29. Nxc5 Bg2 30. Nd7+ Kg7 31. e7 Bxh3 32. f3 f5 33. Bb5 fxg4 34.
fxg4 Bxg4 35. Nf6 Rxe7 36. Rxe7+ Kxf6 37. Rxh7 Bf3 38. Rxc7 g4 39. Bc4 g3 40.
Rf7+ Ke5 41. Rxf3 g2 42. Rg3 1-0

[Event "AUTO-INT-322"]
[Site "http://www.queenalice.com/game.php?id=158541"]
[Date "2007.1.24"]
[Round "1"]
[White "uire"]
[Black "davividal"]
[Result "1-0"]
[WhiteElo "1671"]
[BlackElo "1645"]

1. e4 e5 2. d4 exd4 3. Qxd4 Nc6 4. Qa4 d6 5. Nf3 Bd7 6. Be3 Ne5 7. Qb3 Nxf3+ 8.
gxf3 Bc6 9. Nc3 Nf6 10. Rd1 Nd7 11. Bc4 Ne5 12. Be2 Qf6 13. f4 Nd7 14. Rg1 Be7
15. Bg4 Nb6 16. f5 O-O-O 17. Bd4 Qh6 18. f6+ Bd7 19. fxe7 Rde8 20. Bxd7+ Kxd7
21. Bxg7 1-0

[Event "AUTO-INT-322"]
[Site "http://www.queenalice.com/game.php?id=158542"]
[Date "2007.1.24"]
[Round "1"]
[White "davividal"]
[Black "uire"]
[Result "0-1"]
[WhiteElo "1624"]
[BlackElo "1796"]

1. c4 Nc6 2. d4 e5 3. d5 Nce7 4. e4 d6 5. Nc3 Nf6 6. f3 g6 7. Bd3 Bg7 8. Nge2
O-O 9. O-O c6 10. Be3 cxd5 11. cxd5 Qa5 12. a3 Qc7 13. Rc1 Bd7 14. Nb5 Qb8 15.
Nc7 a5 16. Nxa8 Qxa8 17. Rc7 Rd8 18. Qb3 a4 19. Qb4 Nexd5 20. exd5 Nxd5 21. Qxd6
Bc6 22. Rxc6 Rxd6 23. Rxd6 Nxe3 24. Rc1 Qb8 25. Rd7 Bh6 26. Rcc7 b5 27. Rb7 Qc8
28. Bxb5 Qc5 29. Kf2 Nf5+ 30. Ke1 Qe3 31. Kf1 Nd4 32. Nxd4 exd4 33. Bxa4 Qd3+
34. Ke1 Qd2+ 35. Kf1 d3 0-1

[Event "Challenge"]
[Site "http://www.queenalice.com/game.php?id=160357"]
[Date "2007.1.29"]
[Round "-"]
[White "uire"]
[Black "Dalri_Ultreya"]
[Result "0-1"]
[WhiteElo "1665"]
[BlackElo "1643"]

1. d4 d5 2. Nc3 c6 3. Nf3 Nf6 4. g3 e6 5. Bh3 Bb4 6. Bd2 Na6 7. O-O O-O 8. a3
Ba5 9. b4 Bc7 10. Bg5 h6 11. Bxf6 Qxf6 12. Qd3 b5 13. e4 Rd8 14. exd5 exd5 15.
Bxc8 Raxc8 16. Rae1 Nb8 17. Nh4 Nd7 18. Nf5 g6 19. Ne7+ Kg7 20. Nxc8 Rxc8 21.
Re3 a5 22. Rfe1 Qg5 23. Re8 Rxe8 24. Rxe8 Qc1+ 25. Nd1 Nf6 26. Rc8 Bxg3 27. hxg3
axb4 28. axb4 Qb1 29. Qd2 Ne4 30. Qe1 Qxc2 31. Ne3 Qd3 32. Rxc6 Qxd4 33. Nc2 Qe5
34. Qa1 Qxa1+ 35. Nxa1 d4 36. Rc1 d3 37. Rd1 d2 38. Nb3 f5 39. Nxd2 Nc3 40. Re1
Kf6 41. f4 Nd5 42. Rb1 h5 43. Nf3 Nc3 44. Rb3 Ne2+ 45. Kf2 Nc1 46. Rc3 Na2 47.
Rc5 Nxb4 48. Rxb5 Nd3+ 49. Ke3 Nc1 50. Rb2 Ke6 0-1

[Event "Let's Play Chess!"]
[Site "http://www.queenalice.com/game.php?id=165560"]
[Date "2007.2.9"]
[Round "-"]
[White "colognestar"]
[Black "uire"]
[Result "1-0"]
[WhiteElo "2088"]
[BlackElo "1853"]

1. e4 e5 2. f4 exf4 3. Bc4 Qe7 4. Nc3 Nf6 5. d3 d6 6. Bxf4 Nc6 7. a3 Bg4 8. Qd2
g6 9. h3 Be6 10. Bxe6 Qxe6 11. Nf3 Bg7 12. O-O-O O-O 13. g4 Nd7 14. Ng5 Qe7 15.
Nd5 Qd8 16. h4 h6 17. Nf3 Nf6 18. Bxh6 Bxh6 19. Qxh6 Nxg4 20. Qd2 Qd7 21. Rdg1
f6 22. Qf4 f5 23. exf5 gxf5 24. h5 Qe6 25. Rh4 Ne5 26. Nxe5 dxe5 27. Qg5+ Kf7
28. Nxc7 Qa2 29. Rhxg4 fxg4 30. Rf1# 1-0

[Event "Challenge"]
[Site "http://www.queenalice.com/game.php?id=165771"]
[Date "2007.2.9"]
[Round "-"]
[White "uire"]
[Black "ENDHER"]
[Result "0-1"]
[WhiteElo "1825"]
[BlackElo "2320"]

1. e4 e5 2. Nf3 Nc6 3. b3 Nf6 4. d3 d5 5. Nc3 Bb4 6. Bd2 d4 7. Na4 Ba3 8. c3 b5
9. Bc1 Bd6 10. cxd4 bxa4 11. dxe5 Nxe5 12. Bg5 Nxf3+ 13. Qxf3 Bb4+ 14. Ke2 Qd4
15. Bxf6 gxf6 16. Rb1 Qc3 17. Rd1 Rg8 18. e5 Bg4 19. Qxg4 Rxg4 20. Kf3 f5 21. h3
Qd4 22. hxg4 Qxg4+ 23. Ke3 O-O-O 24. Rc1 f4+ 25. Ke4 c5 26. Rc4 f5+ 27. exf6
Re8+ 28. Kd5 Qe6# 0-1

[Event "Challenge"]
[Site "http://www.queenalice.com/game.php?id=165772"]
[Date "2007.2.9"]
[Round "-"]
[White "ENDHER"]
[Black "uire"]
[Result "1-0"]
[WhiteElo "2329"]
[BlackElo "1825"]

1. d4 d5 2. c4 c6 3. Nc3 Nf6 4. e3 g6 5. Nf3 Bg4 6. cxd5 cxd5 7. Qb3 b6 8. Bb5+
Nbd7 9. Nxd5 a6 10. Ne5 Be6 11. Nxf6+ exf6 12. Bxd7+ Qxd7 13. Nxd7 Bxb3 14.
Nxf6+ Ke7 15. Nxh7 Rxh7 16. axb3 Kd7 17. Ke2 Bb4 18. e4 f5 19. exf5 Re7+ 20. Kd3
gxf5 21. h4 a5 22. h5 Kc6 23. h6 Rh8 24. f3 Reh7 25. Rh5 Rf8 26. g4 fxg4 27.
fxg4 Rf3+ 28. Kc4 Kd6 29. Rd5+ Kc6 30. Re5 Bd6 31. Rg5 Rb7 32. d5+ Kd7 33. h7
Rc7+ 34. Kd4 Rh3 35. Rg7+ Be7 36. Bg5 Rc2 37. Rxe7+ Kd8 38. Rf1 Rc7 39. Rf8# 1-0

[Event "Challenge"]
[Site "http://www.queenalice.com/game.php?id=165777"]
[Date "2007.2.9"]
[Round "-"]
[White "jbrcron"]
[Black "uire"]
[Result "1-0"]
[WhiteElo "1752"]
[BlackElo "1709"]

1. e4 e5 2. Nf3 Nc6 3. Nc3 Nf6 4. d4 d5 5. dxe5 Nxe4 6. Nxe4 dxe4 7. Qxd8+ Nxd8
8. Ng5 Bf5 9. Bc4 Be6 10. Bxe6 fxe6 11. O-O Be7 12. Nxe4 Nc6 13. Bf4 O-O-O 14.
c3 Rhf8 15. g3 h6 16. h4 Rf5 17. b4 Nxe5 18. Bxe5 Rxe5 19. Rae1 b6 20. f4 Red5
21. Re2 g5 22. fxg5 hxg5 23. hxg5 Bxg5 24. Kg2 Be7 25. Rf4 Bd6 26. Rf6 e5 27. c4
Rd1 28. Nxd6+ cxd6 29. c5 bxc5 30. bxc5 dxc5 31. Rc6+ Kb7 32. Rxc5 e4 33. Rcc2
Re8 34. Rc4 e3 35. Rc3 Rd2 36. Kf1 Rh8 37. Rcxe3 1-0

[Event "AUTO-ADV-453"]
[Site "http://www.queenalice.com/game.php?id=190888"]
[Date "2007.4.2"]
[Round "1"]
[White "chessy"]
[Black "uire"]
[Result "1-0"]
[WhiteElo "1836"]
[BlackElo "1753"]

1. e4 e5 2. Nf3 Nc6 3. Bb5 d6 4. d4 Bd7 5. Nc3 Nf6 6. O-O Be7 7. Re1 O-O 8. Bxc6
Bxc6 9. dxe5 dxe5 10. Qxd8 Raxd8 11. Bg5 Rd7 12. Nxe5 Rd6 13. Nxc6 Rxc6 14. Rad1
Re8 15. f3 h6 16. Bf4 Nh5 17. Be3 Bb4 18. Rd3 Bxc3 19. Rxc3 1-0

[Event "AUTO-ADV-453"]
[Site "http://www.queenalice.com/game.php?id=190889"]
[Date "2007.4.2"]
[Round "1"]
[White "uire"]
[Black "chessy"]
[Result "0-1"]
[WhiteElo "1729"]
[BlackElo "1849"]

1. d4 d5 2. Nf3 Nf6 3. e3 e6 4. c4 c6 5. c5 Nbd7 6. Bd3 Qc7 7. Nc3 e5 8. O-O e4
9. Bxe4 Nxe4 10. Qd3 Ndf6 11. Qc2 Bf5 12. Qb3 h5 13. Nxe4 Nxe4 14. Qd1 Bg4 15.
a4 Qc8 16. Qe1 Bxf3 17. gxf3 Ng5 18. e4 Nxf3+ 0-1

[Event "AUTO-ADV-453"]
[Site "http://www.queenalice.com/game.php?id=190916"]
[Date "2007.4.2"]
[Round "1"]
[White "uire"]
[Black "ChrisDavison102"]
[Result "0-1"]
[WhiteElo "1674"]
[BlackElo "1919"]

1. d4 Nf6 2. Nf3 d6 3. e3 Bg4 4. Be2 Nbd7 5. O-O g6 6. Nc3 Bg7 7. e4 c5 8. d5
O-O 9. Bb5 a6 10. Bxd7 Nxd7 11. Bd2 Ne5 12. Qe2 f5 13. Bf4 Bxf3 0-1

[Event "AUTO-ADV-453"]
[Site "http://www.queenalice.com/game.php?id=190917"]
[Date "2007.4.2"]
[Round "1"]
[White "ChrisDavison102"]
[Black "uire"]
[Result "1-0"]
[WhiteElo "1912"]
[BlackElo "1685"]

1. d4 d5 2. c4 c6 3. Nc3 Nf6 4. e3 e6 5. cxd5 cxd5 6. Nf3 Bb4 7. a3 Bxc3+ 8.
bxc3 O-O 9. c4 Nc6 10. cxd5 exd5 11. Bd3 Bg4 12. h3 Bxf3 13. Qxf3 Re8 14. O-O
1-0